| Tag |
First Indicator |
Second Indicator |
Subfields |
| LEADER |
00000cam a22000008i 4500 |
| 001 |
in00004635394 |
| 006 |
m o d |
| 007 |
cr |n||||||||| |
| 008 |
160204m20169999ne ob 001 0 eng |
| 005 |
20230103223444.9 |
| 010 |
|
|
|a 2016005703
|
| 035 |
|
|
|a (OCoLC)ocn937062019
|
| 040 |
|
|
|a DLC
|b eng
|e rda
|e pn
|c DLC
|d OCLCF
|d YDXCP
|d COO
|d LOA
|d OCLCO
|d OCL
|d UIU
|d JSTOR
|d ICG
|d LND
|d VFL
|d OCLCQ
|d U3W
|d CEF
|d ERL
|d WYU
|d VT2
|d CNTRU
|d OCLCQ
|d NJT
|d UPM
|d OCLCO
|d AAA
|d OCLCO
|d OCLCQ
|
| 019 |
|
|
|a 963270502
|a 1048176252
|a 1081183582
|a 1142757057
|
| 020 |
|
|
|a 9789004314849
|q (electronic bk.)
|
| 020 |
|
|
|a 9004314849
|q (electronic bk.)
|
| 020 |
|
|
|z 9789004311633
|q (hardback ;
|q alk. paper)
|
| 020 |
|
|
|z 9004311637
|
| 035 |
|
|
|a (OCoLC)937062019
|z (OCoLC)963270502
|z (OCoLC)1048176252
|z (OCoLC)1081183582
|z (OCoLC)1142757057
|
| 037 |
|
|
|a 22573/ctt1w71dgh
|b JSTOR
|
| 042 |
|
|
|a pcc
|
| 050 |
1 |
0 |
|a PA3110
|
| 072 |
|
7 |
|a LIT011000
|2 bisacsh
|
| 082 |
0 |
0 |
|a 884/.0109
|2 23
|
| 049 |
|
|
|a TXAM
|
| 245 |
0 |
4 |
|a The look of lyric :
|b Greek song and the visual /
|c edited by Vanessa Cazzato, Andre Lardinois ; with an introduction by Anastasia-Erasmia Peponi.
|
| 263 |
|
|
|a 1605
|
| 264 |
|
1 |
|a Leiden ;
|a Boston :
|b BRILL,
|c 2016-
|
| 300 |
|
|
|a 1 online resource
|
| 336 |
|
|
|a text
|b txt
|2 rdacontent
|
| 337 |
|
|
|a computer
|b c
|2 rdamedia
|
| 338 |
|
|
|a online resource
|b cr
|2 rdacarrier
|
| 490 |
1 |
|
|a Mnemosyne. Supplements ;
|v volume 391
|
| 490 |
1 |
|
|a Studies in archaic and classical Greek song ;
|v v. 1
|
| 500 |
|
|
|a Chiefly papers presented at a conference held on 17th-20th July 2009, at the European Cultural Centre of Delphi.
|
| 504 |
|
|
|a Includes bibliographical references and index.
|
| 588 |
0 |
|
|a Print version record and CIP data provided by publisher; resource not viewed.
|
| 505 |
0 |
|
|a 1. Lyric Vision: An Introduction / Anastasia-Erasmia Peponi -- 2. Political and Dramatic Perspectives on Archaic Sculptures: Bacchylides' Fourth Dithyramb (Ode 18) and the Treasury of the Athenians in Delphi / Lucia Athanassaki -- 3. The Fight of Telephus: Poetic Visions behind the Pergamon Frieze / Laura Lulli -- 4. Choral Performance and Geometric Patterns in Epic Poetry and Iconographic Representations / Jesus Carruesco -- 5. Making Monkeys: Archilochus frr. 185-187 w. in Performance / Deborah Steiner -- 6. Observing Genre in Archaic Greek Skolia and Vase-Painting / Gregory S. Jones -- 7.`Glancing Seductively through Windows': The Look of Praxilla fr. 8 (PMG 754) / Vanessa Cazzato -- 8. How to Construct a Sympotic Space with Words / Jenny Strauss Clay -- 9. Turning Sound into Sight in the Chorus' Entrance Song of Aeschylus' Seven against Thebes / Caroline Trieschnigg -- 10. Light and Vision in Pindar's Olympian Odes: Interplays of Imagination and Performance / Michel Briand -- 11. Visual Imagery in Parthenaic Song / Laura Swift -- 12. The Amorous Gaze: A Poetic and Pragmatic Koine for Erotic Melos? / Claude Calame -- 13. Visualizing the Cologne Sappho: Mental Imagery through Chorality, the Sun, and Orpheus / Anton Bierl -- 14. Female Choruses and Gardens of Nymphs: Visualizing Chorality in Sappho / Katerina Ladianou -- 15. Imagining Images: Anacreontea 16 and 17 / Ippokratis Kantzios.
|
| 650 |
|
0 |
|a Greek poetry
|x History and criticism
|v Congresses.
|
| 650 |
|
0 |
|a Greek drama
|x History and criticism
|v Congresses.
|
| 650 |
|
6 |
|a Poésie grecque
|x Histoire et critique
|v Congrès.
|
| 650 |
|
6 |
|a Théâtre grec
|x Histoire et critique
|v Congrès.
|
| 650 |
|
7 |
|a LITERARY CRITICISM
|x Medieval.
|2 bisacsh
|
| 650 |
|
7 |
|a Greek drama.
|2 fast
|0 (OCoLC)fst00947127
|
| 650 |
|
7 |
|a Greek poetry.
|2 fast
|0 (OCoLC)fst00947503
|
| 655 |
|
7 |
|a Electronic books.
|2 local
|
| 655 |
|
7 |
|a Conference papers and proceedings.
|2 fast
|0 (OCoLC)fst01423772
|
| 655 |
|
7 |
|a Criticism, interpretation, etc.
|2 fast
|0 (OCoLC)fst01411635
|
| 700 |
1 |
|
|a Cazzato, Vanessa,
|d 1977-
|e editor.
|
| 700 |
1 |
|
|a Lardinois, A. P. M. H.,
|e editor.
|
| 710 |
2 |
|
|a JSTOR (Organization)
|
| 776 |
0 |
8 |
|i Print version:
|t Look of lyric.
|d Leiden ; Boston : BRILL, 2016-
|z 9789004311633
|w (DLC) 2016004344
|
| 830 |
|
0 |
|a Mnemosyne, bibliotheca classica Batava.
|p Supplementum ;
|v v. 391.
|
| 830 |
|
0 |
|a Studies in archaic and classical Greek song ;
|v v. 1.
|
| 856 |
4 |
0 |
|u https://www.jstor.org/stable/10.1163/j.ctt1w8h2ct
|z Connect to the full text of this electronic book
|t 0
|
| 955 |
|
|
|a JSTOR Open Access ebooks
|
| 994 |
|
|
|a 92
|b TXA
|
| 999 |
f |
f |
|s 3a111dee-219a-4546-a883-53168a9e121c
|i c5d199bf-412c-4311-bf67-fa458b8a7753
|t 0
|
| 952 |
f |
f |
|a Texas A&M University
|b College Station
|c Electronic Resources
|d Available Online
|t 0
|e PA3110
|h Library of Congress classification
|
| 998 |
f |
f |
|a PA3110
|t 0
|l Available Online
|